The lives of the Greek poets /

Bibliographic Details
Main Author: Lefkowitz, Mary R., 1935-
Format: Book
Language:English
Published: Baltimore, Md. : Johns Hopkins University Press, 1981.
Subjects:

MARC

Tag First Indicator Second Indicator Subfields
LEADER 00000cam a2200000 a 4500
001 in00000085396
005 20151008061450.0
008 820401s1981 mdu b 00110ceng
010 |a  81083450  
019 |a 8265057 
020 |a 0801827485 
035 |a (OCoLC)08262969 
035 |9 AAJ8116AM 
039 0 |a 2  |b 3  |c 3  |d 3  |e 3 
040 |a DLC  |c DLC  |d TXA  |d UtOrBLW 
049 |a TXAM  |c [802276] 
050 0 0 |a PA3064  |b .L44 1981 
082 0 |a 881/.01/9  |a B  |2 19 
100 1 |a Lefkowitz, Mary R.,  |d 1935- 
245 1 4 |a The lives of the Greek poets /  |c Mary R. Lefkowitz. 
264 1 |a Baltimore, Md. :  |b Johns Hopkins University Press,  |c 1981. 
300 |a xi, 187 pages ;  |c 23 cm. 
336 |a text  |b txt  |2 rdacontent 
337 |a unmediated  |b n  |2 rdamedia 
338 |a volume  |b nc  |2 rdacarrier 
500 |a Includes index. 
504 |a Bibliography: pages [174]-184. 
650 0 |a Poets, Greek  |v Biography. 
999 |a MARS 
999 f f |s f7cdfd00-0e4f-3287-a3ce-a98ac8c63246  |i bc2535c6-5e0c-31b0-84f1-9fb076a81fd5  |t 0 
952 f f |p normal  |a Texas A&M University  |b College Station  |c Sterling C. Evans Library  |d Evans: Library Stacks  |t 0  |e PA3064 .L44 1981  |h Library of Congress classification  |i unmediated -- volume  |m A14806172640 
998 f f |a PA3064 .L44 1981  |t 0  |l Evans: Library Stacks